ECONOMICS FOR MARKET-ORIENTED FARMING (Record no. 21355)
[ view plain ]
| 000 -LEADER | |
|---|---|
| fixed length control field | 00280nam a22001217a 4500 |
| 020 ## - INTERNATIONAL STANDARD BOOK NUMBER | |
| ISBN | 9789251061015 |
| 022 ## - INTERNATIONAL STANDARD SERIAL NUMBER | |
| ISSN | 20714505 |
| 040 ## - CATALOGING SOURCE | |
| Transcribing agency | DLC |
| 082 ## - DEWEY DECIMAL CLASSIFICATION NUMBER | |
| Classification number | FAO ECO 2008 C227 Or. |
| 245 ## - TITLE STATEMENT | |
| Title | ECONOMICS FOR MARKET-ORIENTED FARMING |
| 260 ## - PUBLICATION, DISTRIBUTION, ETC. (IMPRINT) | |
| Place of publication | Phnom Penh |
| Name of publisher | RUA |
| Year of publication | 2008 |
| 942 ## - ADDED ENTRY ELEMENTS (KOHA) | |
| Koha item type | ឯកសារស្រាវជ្រាវ |
| 952 ## - LOCATION AND ITEM INFORMATION (KOHA) | |
| Withdrawn status [LOCAL, KOHA] | 0 |
| 952 ## - LOCATION AND ITEM INFORMATION (KOHA) | |
| Withdrawn status [LOCAL, KOHA] | 0 |
| 952 ## - LOCATION AND ITEM INFORMATION (KOHA) | |
| Withdrawn status [LOCAL, KOHA] | 0 |
| Permanent Location | Date acquired | Koha item type | Lost status | Shelving location | Barcode | Current Location | Full call number |
|---|---|---|---|---|---|---|---|
| Library Block C | 2023-05-17 | ឯកសារស្រាវជ្រាវ | C227 | rua060020 | Library Block C | FAO ECO 2008 C227 Or. | |
| Library Block C | 2023-05-17 | ឯកសារស្រាវជ្រាវ | C227 | rua059900 | Library Block C | FAO ECO 2008 C227 Or. | |
| Library Block C | 2023-12-06 | ឯកសារស្រាវជ្រាវ | C227 | rua059960 | Library Block C | FAO ECO 2008 C227 Or. |